Doctrina social de la iglesia: I ciclo
Đã lưu trong:
| Định dạng: | Sách |
|---|---|
| Ngôn ngữ: | Tiếng Tây Ban Nha |
| Được phát hành: |
Buenos Aires
Universidad Católica Argentina Santa María de los Buenos Aires
1987
|
| Loạt: | Cursos de Cultura Católica, 5
|
| Những chủ đề: | |
| Các nhãn: |
Thêm thẻ
Không có thẻ, Là người đầu tiên thẻ bản ghi này!
|
MARC
| LEADER | 00000nam a2200000 a 4500 | ||
|---|---|---|---|
| 001 | UCR3073 | ||
| 003 | CL-VaPUC | ||
| 008 | 980123e19870000AG |||||||||||||||||spa|d | ||
| 082 | 0 | 4 | |a 261.1 |b DOC |2 21 |
| 245 | 1 | 0 | |a Doctrina social de la iglesia: I ciclo |
| 300 | |a 422 p | ||
| 942 | |c BK | ||
| 945 | |d 19980123 00:00:00 |a rleighto | ||
| 260 | |a Buenos Aires |b Universidad Católica Argentina Santa María de los Buenos Aires |c 1987 | ||
| 650 | 0 | |a Doctrina social de la iglesia |9 257333 | |
| 650 | 0 | |a Antropología social |9 306264 | |
| 650 | 0 | |a Libertad |9 255686 | |
| 650 | 7 | |a LIBERACION |2 CL-VaPUC |9 399271 | |
| 650 | 0 | |a Socialización |9 309940 | |
| 650 | 7 | |a MATRIMONIO |2 CL-VaPUC |9 401860 | |
| 650 | 0 | |a Familias |9 255641 | |
| 650 | 0 | |a Estado |9 255503 | |
| 650 | 0 | |a Clases sociales |9 256858 | |
| 650 | 0 | |a Religión |9 255164 | |
| 583 | |a last modification |c 19980123 00:00:00 |k Rodrigo Vera | ||
| 490 | 0 | |a Cursos de Cultura Católica, 5 | |
| 999 | |c 266180 |d 266178 | ||
| 952 | |0 0 |1 0 |4 0 |6 261_100000000000000_DOC_1987 |7 0 |8 A |9 297570 |a BIBTEO |b BIBTEO |d 2019-11-20 |i 3382273 |o 261.1 DOC 1987 |p 3382273 |r 2025-01-17 |w 2019-11-20 |y BK |k ICR | ||